Statistics for Countries with the Fewest Christians (%)

Click here to take the quiz!

General Stats

  • This quiz has been taken 765 times
  • The average score is 38 of 50

Answer Stats

Christians (%)Answer% Correct
5.5Saudi Arabia
93%
0.4Iran
92%
5.0China
91%
3.0Iraq
90%
1.6Pakistan
90%
2.6India
89%
0.015Yemen
89%
2.0Japan
88%
2.5Oman
88%
2.0Algeria
86%
10.0Indonesia
86%
2.1Morocco
86%
0.02Afghanistan
84%
2.0Libya
84%
10.0Syria
83%
0.2Turkey
83%
2.0Sudan
82%
9.0United Arab Emirates
82%
4.0North Korea
81%
0.01Somalia
81%
0.2Tunisia
80%
8.0Vietnam
80%
2.2Laos
79%
5.0Niger
78%
0.7Thailand
78%
9.0Turkmenistan
78%
6.0Jordan
77%
5.0Mali
77%
0.9Nepal
77%
2.6Uzbekistan
77%
0.3Bangladesh
76%
9.0Bahrain
75%
1.0Cambodia
75%
3.5Israel
75%
1.0Bhutan
74%
7.9Myanmar
74%
1.4Tajikistan
73%
0.14Mauritania
72%
2.1Mongolia
72%
7.5Sri Lanka
68%
6.0Djibouti
67%
4.8Azerbaijan
65%
11.0Brunei
65%
0.08Maldives
65%
7.0Senegal
61%
2.1Comoros
56%
9.0Gambia
55%
10.0Guinea
51%
10.0Guinea-Bissau
44%
11.2Czech Republic
8%

Score Distribution

Percentile by Number Answered

Percent of People with Each Score

Your Score History

You have not taken this quiz